Nhân tố Enzyme Tập 2 Thực hành

Đã lưu trong:
Sonraí Bibleagrafaíochta
Príomhúdar: Hiromi, Shinya
Údair Eile: Như Nữ (Dịch)
Formáid: Leabhar
Foilsithe: Hà Nội Thế giới; Công ty Sách Thái Hà 2020
Eagrán:Tái bản lần thứ 10
Ábhair:
Clibeanna: Cuir Clib Leis
Gan Chlibeanna, Bí ar an gcéad duine leis an taifead seo a chlibeáil!
Thư viện lưu trữ: Trung tâm Học liệu Lê Vũ Hùng, Trường Đại học Đồng Tháp
LEADER 00884pam a22002538a 4500
001 00046455
005 20210301150348.0
008 161121s2013 ||||||Viesd
020 # # |c 99000  |a 9786047773237 
041 0 # |a Vie 
082 1 4 |a 612.015 1  |b NH121T 
100 1 # |a Hiromi, Shinya 
245 0 0 |a Nhân tố Enzyme  |c Hiromi Shinya; Như Nữ (dịch)  |n Tập 2  |p Thực hành 
250 # # |a Tái bản lần thứ 10 
260 # # |a Hà Nội  |b Thế giới; Công ty Sách Thái Hà  |c 2020 
300 # # |a 300 tr.  |c 21 cm 
500 # # |a Tên sách nguyên bản: The Enzyme factor 
653 # # |a Dinh dưỡng 
653 # # |a Enzyme 
653 # # |a Sức khỏe 
700 # # |a Như Nữ  |e Dịch 
852 # # |j KM.0035392  |j KD.0027855  |j KM.0035395 
910 0 # |d 01/03/2021 
980 # # |a Trung tâm Học liệu Lê Vũ Hùng, Trường Đại học Đồng Tháp